[Event "FIDE Online-ch U12 Girls 2020"]
[Site "Online"]
[Date "2020.12.19"]
[Round "1.2"]
[White "Shvedova, Alexandra"]
[Black "Strong, Davida"]
[Result "0-1"]
[WhiteElo "1994"]
[BlackElo "1280"]
[Annotator "ChessBase"]
[PlyCount "58"]
[EventDate "2020.12.18"]
[EventType "k.o."]
[EventCountry "NET"]
[SourceTitle "playchess.com"]
[Source "ChessBase"]
[SourceQuality "1"]

1. e4 {[%emt 0:00:00]} e5 {[%emt 0:00:05]} 2. Nf3 {[%emt 0:00:02]} Nc6 {[%emt 0:00:09]} 3. Bc4 {[%emt 0:00:02]} Bc5 {[%emt 0:00:05]} 4. c3 {[%emt 0:00:01]} Nf6 {[%emt 0:00:07]} 5. d4 {[%emt 0:00:02]} exd4 {[%emt 0:00:04]} 6. e5 {[%emt 0:00:01]} d5 {[%emt 0:00:04]} 7. Bb5 {[%emt 0:00:02]} Ne4 {[%emt 0:00:03]} 8. cxd4 {[%emt 0:00:02]} Bb6 {[%emt 0:00:22]} 9. Nc3 {[%emt 0:00:02]} O-O {[%emt 0:00:11]} 10. Be3 {[%emt 0:00:03]} f6 {[%emt 0:00:23]} 11. Qb3 {[%emt 0:02:05]} fxe5 {[%emt 0:00:26]} 12. Nxe4 {[%emt 0:01:57]} exd4 {[%emt 0:01:14]} 13. Bg5 {[%emt 0:02:07]} Qe8 {[%emt 0:01:11]} 14. O-O {[%emt 0:02:57]} Qxe4 {[%emt 0:00:24]} 15. Rfe1 {[%emt 0:00:17]} Qf5 {[%emt 0:01:19]} 16. Bxc6 {[%emt 0:01:37]} bxc6 {[%emt 0:00:13]} 17. Re5 {[%emt 0:00:03]} Qg6 {[%emt 0:01:56]} 18. Rae1 {[%emt 0:01:15]} d3 {[%emt 0:01:23]} 19. Be3 {[%emt 0:04:01]} Rxf3 {[%emt 0:01:59]} 20. Bxb6 {[%emt 0:00:17]} Bh3 {[%emt 0:00:34]} 21. g3 {[%emt 0:00:24]} axb6 {[%emt 0:00:49]} 22. Rxd5 {[%emt 0:00:33]} cxd5 {[%emt 0:00:14]} 23. Qxd5+ {[%emt 0:00:02]} Rf7 {[%emt 0:01:33]} 24. Qxa8+ {[%emt 0:00:05]} Rf8 {[%emt 0:00:09]} 25. Qd5+ {[%emt 0:00:19]} Qf7 {[%emt 0:00:24]} 26. Qd4 {[%emt 0:00:04]} Qf3 {[%emt 0:00:34]} 27. Qc4+ {[%emt 0:00:21]} Kh8 {[%emt 0:00:15]} 28. Qe4 {[%emt 0:00:05]} Qxf2+ {[%emt 0:00:05]} 29. Kh1 {[%emt 0:00:02]} Qf1+ {[%emt 0:00:34]} 0-1

[Event "FIDE Online-ch U12 Girls 2020"]
[Site "Online"]
[Date "2020.12.19"]
[Round "1.2"]
[White "Tang, Zoey"]
[Black "Romany, Joy"]
[Result "1-0"]
[WhiteElo "1871"]
[BlackElo "1482"]
[Annotator "NA"]
[PlyCount "113"]
[EventDate "2020.12.18"]
[EventType "k.o."]
[EventCountry "NET"]
[SourceTitle "playchess.com"]
[Source "ChessBase"]
[SourceQuality "1"]

1. d4 {[%emt 0:00:00]} Nf6 {[%emt 0:00:07]} 2. Bg5 {[%emt 0:00:03]} Ne4 {[%emt 0:00:09]} 3. Bf4 {[%emt 0:00:01]} d5 {[%emt 0:00:09]} 4. e3 {[%emt 0:00:02]} e6 {[%emt 0:00:09]} 5. Bd3 {[%emt 0:00:02]} Nf6 {[%emt 0:00:20]} 6. Nf3 {[%emt 0:00:13]} Be7 {[%emt 0:00:22]} 7. O-O {[%emt 0:00:05]} Nbd7 {[%emt 0:00:08]} 8. Nbd2 {[%emt 0:00:23]} Nh5 {[%emt 0:00:06]} 9. Be5 {[%emt 0:00:03]} Nhf6 {[%emt 0:00:32]} 10. c4 {[%emt 0:00:51]} c6 {[%emt 0:00:08]} 11. Bg3 {[%emt 0:00:15]} b6 {[%emt 0:00:27]} 12. Qc2 {[%emt 0:00:13]} Bb7 {[%emt 0:00:11]} 13. Rac1 {[%emt 0:01:03]} Rc8 {[%emt 0:00:11]} 14. Qb1 {[%emt 0:00:49]} O-O {[%emt 0:00:09]} 15. Ne5 {[%emt 0:00:19]} c5 {[%emt 0:00:34]} 16. cxd5 {[%emt 0:00:29]} exd5 {[%emt 0:00:34]} 17. Nxd7 {[%emt 0:00:02]} Nxd7 {[%emt 0:00:48]} 18. Bxh7+ {[%emt 0:00:03]} Kh8 {[%emt 0:00:04]} 19. Bf5 {[%emt 0:00:19]} Rc6 {[%emt 0:01:42]} 20. Qd3 {[%emt 0:00:51]} c4 {[%emt 0:00:32]} 21. Qe2 {[%emt 0:00:15]} g6 {[%emt 0:00:41]} 22. Bh3 {[%emt 0:00:39]} f5 {[%emt 0:02:16]} 23. Qf3 {[%emt 0:01:49]} Rcf6 {[%emt 0:01:22]} 24. Bh4 {[%emt 0:01:04]} R6f7 {[%emt 0:00:08]} 25. Bxe7 {[%emt 0:00:03]} Qxe7 {[%emt 0:00:04]} 26. g3 {[%emt 0:00:53]} Rh7 {[%emt 0:01:09]} 27. Bg2 {[%emt 0:00:16]} Kg7 {[%emt 0:00:03]} 28. Rfe1 {[%emt 0:00:34]} Rfh8 {[%emt 0:00:06]} 29. Nf1 {[%emt 0:00:04]} Nf6 {[%emt 0:00:39]} 30. Qf4 {[%emt 0:00:35]} Ng4 {[%emt 0:01:04]} 31. h3 {[%emt 0:00:09]} Nf6 {[%emt 0:00:42]} 32. Nd2 {[%emt 0:00:30]} Nd7 {[%emt 0:00:55]} 33. Nf3 {[%emt 0:00:26]} Re8 {[%emt 0:01:04]} 34. h4 {[%emt 0:00:27]} Reh8 {[%emt 0:00:41]} 35. Qc7 {[%emt 0:00:12]} Bc8 {[%emt 0:00:43]} 36. Ng5 {[%emt 0:00:46]} Rh5 {[%emt 0:00:33]} 37. Bxd5 {[%emt 0:00:29]} Rxg5 {[%emt 0:00:40]} 38. hxg5 {[%emt 0:00:03]} Qxg5 {[%emt 0:00:28]} 39. Bf3 {[%emt 0:00:28]} Qh6 {[%emt 0:00:15]} 40. Kf1 {[%emt 0:00:19]} Kf6 {[%emt 0:00:21]} 41. Qd6+ {[%emt 0:00:07]} Kf7 {[%emt 0:00:16]} 42. Ke2 {[%emt 0:00:27]} Ke8 {[%emt 0:00:13]} 43. Rh1 {[%emt 0:00:07]} Qg7 {[%emt 0:00:09]} 44. Rxh8+ {[%emt 0:00:04]} Qxh8 {[%emt 0:00:02]} 45. Qxg6+ {[%emt 0:00:01]} Kd8 {[%emt 0:00:02]} 46. Rh1 {[%emt 0:00:03]} Qf8 {[%emt 0:00:07]} 47. Qg5+ {[%emt 0:00:16]} Kc7 {[%emt 0:00:06]} 48. Qf4+ {[%emt 0:00:03]} Kd8 {[%emt 0:00:05]} 49. Kf1 {[%emt 0:00:24]} Ba6 {[%emt 0:00:07]} 50. Be2 {[%emt 0:00:02]} Kc8 {[%emt 0:00:21]} 51. Rh7 {[%emt 0:00:06]} Qg8 {[%emt 0:00:10]} 52. Qxf5 {[%emt 0:00:06]} Qe8 {[%emt 0:00:12]} 53. Qd5 {[%emt 0:00:10]} Bb7 {[%emt 0:00:23]} 54. Qxc4+ {[%emt 0:00:03]} Kb8 {[%emt 0:00:02]} 55. Qf7 {[%emt 0:00:15]} Qe4 {[%emt 0:00:16]} 56. Qf4+ {[%emt 0:00:02]} Qxf4 {[%emt 0:00:13]} 57. gxf4 {[%emt 0:00:01]} 1-0

[Event "FIDE Online-ch U12 Girls 2020"]
[Site "Online"]
[Date "2020.12.19"]
[Round "1.2"]
[White "Mou, Iris"]
[Black "Mrittika Mallick"]
[Result "1-0"]
[WhiteElo "1828"]
[BlackElo "1690"]
[Annotator "NA"]
[PlyCount "55"]
[EventDate "2020.12.18"]
[EventType "k.o."]
[EventCountry "NET"]
[SourceTitle "playchess.com"]
[Source "ChessBase"]
[SourceQuality "1"]

1. e4 {[%emt 0:00:00]} c5 {[%emt 0:00:04]} 2. Nf3 {[%emt 0:00:04]} d6 {[%emt 0:00:03]} 3. Bb5+ {[%emt 0:00:09]} Nc6 {[%emt 0:00:06]} 4. O-O {[%emt 0:00:17]} Bd7 {[%emt 0:00:03]} 5. Re1 {[%emt 0:00:50]} g6 {[%emt 0:00:07]} 6. c3 {[%emt 0:00:15]} Bg7 {[%emt 0:00:20]} 7. d4 {[%emt 0:00:07]} cxd4 {[%emt 0:00:07]} 8. cxd4 {[%emt 0:00:09]} a6 {[%emt 0:00:16]} 9. Bc4 {[%emt 0:00:23]} e6 {[%emt 0:02:25]} 10. d5 {[%emt 0:03:08]} Ne5 {[%emt 0:02:24]} 11. dxe6 {[%emt 0:01:00]} Nxc4 {[%emt 0:00:24]} 12. exd7+ {[%emt 0:01:07]} Qxd7 {[%emt 0:00:04]} 13. Nc3 {[%emt 0:01:35]} Ne7 {[%emt 0:00:29]} 14. Qd3 {[%emt 0:01:12]} b5 {[%emt 0:00:22]} 15. a4 {[%emt 0:00:56]} O-O {[%emt 0:00:11]} 16. b3 {[%emt 0:01:38]} Ne5 {[%emt 0:01:53]} 17. Nxe5 {[%emt 0:00:24]} Bxe5 {[%emt 0:00:04]} 18. axb5 {[%emt 0:00:12]} axb5 {[%emt 0:00:14]} 19. Rxa8 {[%emt 0:01:06]} Rxa8 {[%emt 0:00:04]} 20. f4 {[%emt 0:00:13]} Bg7 {[%emt 0:01:04]} 21. Nxb5 {[%emt 0:01:29]} Qb7 {[%emt 0:05:15]} 22. Nxd6 {[%emt 0:01:33]} Qb4 {[%emt 0:00:05]} 23. Rd1 {[%emt 0:00:17]} Ra1 {[%emt 0:00:57]} 24. Qc4 {[%emt 0:00:36]} Qb6+ {[%emt 0:01:41]} 25. Kh1 {[%emt 0:00:08]} Bb2 {[%emt 0:00:11]} 26. Qxf7+ {[%emt 0:00:05]} Kh8 {[%emt 0:00:05]} 27. Qxe7 {[%emt 0:00:07]} Rxc1 {[%emt 0:00:11]} 28. Qf8# {[%emt 0:00:03]} 1-0

[Event "FIDE Online-ch U12 Girls 2020"]
[Site "Online"]
[Date "2020.12.19"]
[Round "1.2"]
[White "Edithso, Samantha"]
[Black "Anupam M Sreekumar"]
[Result "0-1"]
[WhiteElo "1792"]
[BlackElo "1798"]
[Annotator "NA"]
[PlyCount "70"]
[EventDate "2020.12.18"]
[EventType "k.o."]
[EventCountry "NET"]
[SourceTitle "playchess.com"]
[Source "ChessBase"]
[SourceQuality "1"]

1. e4 {[%emt 0:00:00]} e5 {[%emt 0:00:03]} 2. Nf3 {[%emt 0:00:02]} Nc6 {[%emt 0:00:01]} 3. Bc4 {[%emt 0:00:02]} Bc5 {[%emt 0:00:02]} 4. c3 {[%emt 0:00:03]} Nf6 {[%emt 0:00:01]} 5. d3 {[%emt 0:00:02]} a6 {[%emt 0:00:03]} 6. O-O {[%emt 0:00:10]} O-O {[%emt 0:00:03]} 7. d4 {[%emt 0:00:19]} Bd6 {[%emt 0:01:06]} 8. Qe2 {[%emt 0:02:06]} h6 {[%emt 0:00:34]} 9. dxe5 {[%emt 0:01:08]} Bxe5 {[%emt 0:01:04]} 10. Nh4 {[%emt 0:01:25]} d5 {[%emt 0:01:15]} 11. exd5 {[%emt 0:00:45]} Nxd5 {[%emt 0:00:02]} 12. g3 {[%emt 0:01:16]} Nf6 {[%emt 0:02:57]} 13. Be3 {[%emt 0:00:55]} Bg4 {[%emt 0:01:06]} 14. Qc2 {[%emt 0:01:30]} Bd6 {[%emt 0:00:25]} 15. Nd2 {[%emt 0:00:35]} Ne5 {[%emt 0:00:13]} 16. f3 {[%emt 0:00:50]} Nxc4 {[%emt 0:01:34]} 17. Nxc4 {[%emt 0:00:13]} Be6 {[%emt 0:00:08]} 18. Nd2 {[%emt 0:00:12]} Re8 {[%emt 0:01:07]} 19. Rfe1 {[%emt 0:00:40]} Qd7 {[%emt 0:00:21]} 20. Rad1 {[%emt 0:00:12]} Qc6 {[%emt 0:00:18]} 21. Bf2 {[%emt 0:00:53]} Bc5 {[%emt 0:00:26]} 22. Ne4 {[%emt 0:00:24]} Nxe4 {[%emt 0:00:46]} 23. fxe4 {[%emt 0:00:11]} Bg4 {[%emt 0:00:12]} 24. Rd2 {[%emt 0:01:02]} Re6 {[%emt 0:00:39]} 25. Bxc5 {[%emt 0:00:14]} Qxc5+ {[%emt 0:00:06]} 26. Rf2 {[%emt 0:00:02]} Rae8 {[%emt 0:00:26]} 27. Ng2 {[%emt 0:01:41]} f5 {[%emt 0:01:25]} 28. b4 {[%emt 0:00:32]} Qb6 {[%emt 0:00:20]} 29. Qb3 {[%emt 0:00:11]} Kh8 {[%emt 0:00:41]} 30. Nf4 {[%emt 0:00:53]} Rxe4 {[%emt 0:00:14]} 31. Ref1 {[%emt 0:00:08]} Re1 {[%emt 0:00:50]} 32. Qf7 {[%emt 0:00:26]} Qe3 {[%emt 0:00:46]} 33. Ng6+ {[%emt 0:00:58]} Kh7 {[%emt 0:00:03]} 34. Nf8+ {[%emt 0:00:10]} Rxf8 {[%emt 0:00:15]} 35. Qxf8 {[%emt 0:00:01]} Rxf1+ {[%emt 0:00:02]} 0-1

[Event "FIDE Online-ch U12 Girls 2020"]
[Site "Online"]
[Date "2020.12.19"]
[Round "1.2"]
[White "Maria, Lia-Alexandra"]
[Black "Kirtadze, Anastasia"]
[Result "1-0"]
[WhiteElo "1713"]
[BlackElo "1810"]
[Annotator "NA"]
[PlyCount "95"]
[EventDate "2020.12.18"]
[EventType "k.o."]
[EventCountry "NET"]
[SourceTitle "playchess.com"]
[Source "ChessBase"]
[SourceQuality "1"]

1. e4 {[%emt 0:00:00]} c5 {[%emt 0:00:05]} 2. Nf3 {[%emt 0:00:03]} Nc6 {[%emt 0:00:03]} 3. d4 {[%emt 0:00:02]} cxd4 {[%emt 0:00:02]} 4. Nxd4 {[%emt 0:00:02]} Nf6 {[%emt 0:00:03]} 5. Nc3 {[%emt 0:00:03]} d6 {[%emt 0:00:04]} 6. Bg5 {[%emt 0:00:50]} e6 {[%emt 0:00:18]} 7. Be2 {[%emt 0:00:24]} Be7 {[%emt 0:00:08]} 8. O-O {[%emt 0:00:08]} a6 {[%emt 0:00:19]} 9. a4 {[%emt 0:00:18]} O-O {[%emt 0:00:07]} 10. Be3 {[%emt 0:00:21]} Bd7 {[%emt 0:00:42]} 11. h3 {[%emt 0:01:22]} Nxd4 {[%emt 0:00:20]} 12. Bxd4 {[%emt 0:00:05]} Bc6 {[%emt 0:00:06]} 13. Bf3 {[%emt 0:00:13]} b5 {[%emt 0:01:19]} 14. a5 {[%emt 0:00:16]} b4 {[%emt 0:00:09]} 15. Bb6 {[%emt 0:00:27]} Qc8 {[%emt 0:00:14]} 16. Na2 {[%emt 0:00:08]} d5 {[%emt 0:00:30]} 17. e5 {[%emt 0:01:02]} Nd7 {[%emt 0:00:07]} 18. Bd4 {[%emt 0:00:04]} Bb5 {[%emt 0:00:04]} 19. Re1 {[%emt 0:00:07]} Ba4 {[%emt 0:01:34]} 20. b3 {[%emt 0:00:09]} Bc6 {[%emt 0:00:06]} 21. Qd2 {[%emt 0:00:03]} Rb8 {[%emt 0:00:03]} 22. Nc1 {[%emt 0:00:17]} Bc5 {[%emt 0:00:23]} 23. Bxc5 {[%emt 0:00:14]} Nxc5 {[%emt 0:00:03]} 24. Nd3 {[%emt 0:00:02]} Nxd3 {[%emt 0:00:05]} 25. Qxd3 {[%emt 0:00:20]} Bb5 {[%emt 0:00:08]} 26. Qd2 {[%emt 0:00:06]} Qc5 {[%emt 0:00:04]} 27. Re3 {[%emt 0:00:21]} Rfc8 {[%emt 0:00:12]} 28. Bd1 {[%emt 0:00:09]} d4 {[%emt 0:00:47]} 29. Re4 {[%emt 0:00:14]} Rd8 {[%emt 0:00:04]} 30. Qg5 {[%emt 0:00:45]} f6 {[%emt 0:00:34]} 31. Qg3 {[%emt 0:00:12]} f5 {[%emt 0:00:07]} 32. Rh4 {[%emt 0:00:20]} d3 {[%emt 0:00:44]} 33. cxd3 {[%emt 0:00:14]} Rxd3 {[%emt 0:00:07]} 34. Qg5 {[%emt 0:00:10]} Be8 {[%emt 0:00:19]} 35. Bh5 {[%emt 0:01:01]} Qxe5 {[%emt 0:00:15]} 36. Rb1 {[%emt 0:00:27]} h6 {[%emt 0:00:49]} 37. Qe7 {[%emt 0:00:17]} Bxh5 {[%emt 0:00:18]} 38. Rxh5 {[%emt 0:00:09]} Rbd8 {[%emt 0:00:04]} 39. Rf1 {[%emt 0:00:30]} Rd1 {[%emt 0:00:08]} 40. g4 {[%emt 0:00:32]} Rxf1+ {[%emt 0:00:21]} 41. Kxf1 {[%emt 0:00:03]} Rd1+ {[%emt 0:00:18]} 42. Kg2 {[%emt 0:00:04]} Qe4+ {[%emt 0:00:13]} 43. Kg3 {[%emt 0:00:07]} f4+ {[%emt 0:00:43]} 44. Kh4 {[%emt 0:00:07]} g5+ {[%emt 0:00:38]} 45. Rxg5+ {[%emt 0:00:08]} hxg5+ {[%emt 0:00:03]} 46. Kxg5 {[%emt 0:00:02]} Rd5+ {[%emt 0:00:04]} 47. Kh6 {[%emt 0:00:16]} Rd7 {[%emt 0:03:57]} 48. Qe8# {[%emt 0:00:06]} 1-0

[Event "FIDE Online-ch U12 Girls 2020"]
[Site "Online"]
[Date "2020.12.19"]
[Round "1.2"]
[White "Velea, Sophie"]
[Black "Huang, Wendy"]
[Result "0-1"]
[WhiteElo "1643"]
[BlackElo "1860"]
[Annotator "NA"]
[PlyCount "110"]
[EventDate "2020.12.18"]
[EventType "k.o."]
[EventCountry "NET"]
[SourceTitle "playchess.com"]
[Source "ChessBase"]
[SourceQuality "1"]

1. e4 {[%emt 0:00:00]} c5 {[%emt 0:00:02]} 2. Nf3 {[%emt 0:00:03]} d6 {[%emt 0:00:04]} 3. Bb5+ {[%emt 0:00:07]} Bd7 {[%emt 0:00:03]} 4. Bxd7+ {[%emt 0:00:03]} Qxd7 {[%emt 0:00:02]} 5. O-O {[%emt 0:00:02]} Nf6 {[%emt 0:00:10]} 6. Re1 {[%emt 0:00:03]} Nc6 {[%emt 0:00:13]} 7. c3 {[%emt 0:00:08]} e6 {[%emt 0:00:15]} 8. d4 {[%emt 0:00:06]} cxd4 {[%emt 0:00:03]} 9. cxd4 {[%emt 0:00:06]} d5 {[%emt 0:00:24]} 10. e5 {[%emt 0:00:03]} Ne4 {[%emt 0:00:06]} 11. Nbd2 {[%emt 0:00:05]} Nxd2 {[%emt 0:00:08]} 12. Bxd2 {[%emt 0:00:02]} Be7 {[%emt 0:00:18]} 13. Rc1 {[%emt 0:00:05]} O-O {[%emt 0:00:11]} 14. a3 {[%emt 0:00:38]} Rac8 {[%emt 0:00:25]} 15. Rc3 {[%emt 0:00:19]} a6 {[%emt 0:01:11]} 16. Rd3 {[%emt 0:00:26]} h6 {[%emt 0:00:47]} 17. h4 {[%emt 0:01:30]} Qd8 {[%emt 0:00:55]} 18. Nh2 {[%emt 0:01:11]} Bxh4 {[%emt 0:02:28]} 19. Ng4 {[%emt 0:01:10]} Bg5 {[%emt 0:02:15]} 20. Rg3 {[%emt 0:02:57]} f6 {[%emt 0:03:40]} 21. exf6 {[%emt 0:01:33]} Rxf6 {[%emt 0:00:29]} 22. Nxf6+ {[%emt 0:02:18]} Qxf6 {[%emt 0:00:08]} 23. Bxg5 {[%emt 0:00:12]} hxg5 {[%emt 0:00:03]} 24. Rc3 {[%emt 0:00:48]} Rf8 {[%emt 0:00:41]} 25. Rf3 {[%emt 0:00:45]} Qxd4 {[%emt 0:00:26]} 26. Rxf8+ {[%emt 0:00:26]} Kxf8 {[%emt 0:00:04]} 27. Qf3+ {[%emt 0:00:49]} Ke7 {[%emt 0:00:46]} 28. Qg3 {[%emt 0:00:27]} Qf4 {[%emt 0:00:40]} 29. Qb3 {[%emt 0:00:35]} Qd2 {[%emt 0:00:55]} 30. Qxb7+ {[%emt 0:00:11]} Kd6 {[%emt 0:00:06]} 31. Rf1 {[%emt 0:01:11]} a5 {[%emt 0:00:27]} 32. Qxg7 {[%emt 0:00:31]} Nd4 {[%emt 0:00:29]} 33. Qf8+ {[%emt 0:00:08]} Kd7 {[%emt 0:00:14]} 34. Qf7+ {[%emt 0:00:24]} Kd6 {[%emt 0:00:05]} 35. Qh5 {[%emt 0:00:30]} Qxb2 {[%emt 0:00:48]} 36. Re1 {[%emt 0:00:38]} Qd2 {[%emt 0:00:18]} 37. Rb1 {[%emt 0:00:08]} Qc2 {[%emt 0:00:33]} 38. Rd1 {[%emt 0:00:25]} Ne2+ {[%emt 0:00:05]} 39. Kh2 {[%emt 0:00:12]} Qxd1 {[%emt 0:00:04]} 40. Qxg5 {[%emt 0:00:07]} Qg1+ {[%emt 0:00:13]} 41. Kh3 {[%emt 0:00:06]} Qh1+ {[%emt 0:00:06]} 42. Kg4 {[%emt 0:00:05]} Qxg2+ {[%emt 0:00:02]} 43. Kh5 {[%emt 0:00:03]} Qxg5+ {[%emt 0:00:02]} 44. Kxg5 {[%emt 0:00:01]} d4 {[%emt 0:00:04]} 45. Kg4 {[%emt 0:00:03]} d3 {[%emt 0:00:09]} 46. Kf3 {[%emt 0:00:02]} e5 {[%emt 0:00:03]} 47. Ke3 {[%emt 0:00:04]} e4 {[%emt 0:00:01]} 48. f3 {[%emt 0:00:02]} exf3 {[%emt 0:00:03]} 49. Kxd3 {[%emt 0:00:08]} Nd4 {[%emt 0:00:07]} 50. Kd2 {[%emt 0:00:09]} Kc5 {[%emt 0:00:03]} 51. Ke1 {[%emt 0:00:01]} Kc4 {[%emt 0:00:02]} 52. Kf2 {[%emt 0:00:02]} Kb3 {[%emt 0:00:02]} 53. Ke3 {[%emt 0:00:02]} Kxa3 {[%emt 0:00:01]} 54. Kxd4 {[%emt 0:00:01]} f2 {[%emt 0:00:02]} 55. Ke3 {[%emt 0:00:02]} f1=Q {[%emt 0:00:03]} 0-1

[Event "FIDE Online-ch U12 Girls 2020"]
[Site "Online"]
[Date "2020.12.19"]
[Round "1.2"]
[White "Unurzul, Davaakhuu"]
[Black "Lee, Alice"]
[Result "1/2-1/2"]
[WhiteElo "1462"]
[BlackElo "1967"]
[Annotator "NA"]
[PlyCount "98"]
[EventDate "2020.12.18"]
[EventType "k.o."]
[EventCountry "NET"]
[SourceTitle "playchess.com"]
[Source "ChessBase"]
[SourceQuality "1"]

1. e4 {[%emt 0:00:00]} c6 {[%emt 0:00:03]} 2. Nc3 {[%emt 0:00:04]} d5 {[%emt 0:00:02]} 3. Nf3 {[%emt 0:00:02]} Bg4 {[%emt 0:00:02]} 4. h3 {[%emt 0:00:02]} Bxf3 {[%emt 0:00:01]} 5. Qxf3 {[%emt 0:00:02]} e6 {[%emt 0:00:01]} 6. d3 {[%emt 0:00:35]} Nf6 {[%emt 0:00:04]} 7. Bf4 {[%emt 0:00:10]} Be7 {[%emt 0:00:17]} 8. Be2 {[%emt 0:00:07]} Qb6 {[%emt 0:01:34]} 9. Rb1 {[%emt 0:02:17]} Na6 {[%emt 0:01:57]} 10. O-O {[%emt 0:00:07]} d4 {[%emt 0:00:48]} 11. e5 {[%emt 0:00:43]} Nd5 {[%emt 0:01:45]} 12. Nxd5 {[%emt 0:00:11]} cxd5 {[%emt 0:00:30]} 13. Qg3 {[%emt 0:00:07]} Rg8 {[%emt 0:01:30]} 14. c3 {[%emt 0:00:41]} dxc3 {[%emt 0:01:33]} 15. bxc3 {[%emt 0:00:04]} Qc6 {[%emt 0:00:26]} 16. d4 {[%emt 0:00:04]} Nc7 {[%emt 0:00:31]} 17. Rfc1 {[%emt 0:00:15]} b5 {[%emt 0:00:22]} 18. Qf3 {[%emt 0:01:08]} Qd7 {[%emt 0:00:49]} 19. a4 {[%emt 0:02:31]} a6 {[%emt 0:00:39]} 20. axb5 {[%emt 0:00:17]} axb5 {[%emt 0:00:03]} 21. Ra1 {[%emt 0:00:03]} Qc6 {[%emt 0:00:41]} 22. Qd3 {[%emt 0:00:47]} g6 {[%emt 0:00:25]} 23. Qc2 {[%emt 0:00:53]} Kd7 {[%emt 0:00:27]} 24. Qb2 {[%emt 0:00:19]} Rgb8 {[%emt 0:00:18]} 25. Rcb1 {[%emt 0:00:19]} Rxa1 {[%emt 0:00:14]} 26. Rxa1 {[%emt 0:00:04]} b4 {[%emt 0:00:25]} 27. Bd2 {[%emt 0:00:50]} Qb6 {[%emt 0:00:37]} 28. Rb1 {[%emt 0:01:16]} Nb5 {[%emt 0:00:39]} 29. Bxb5+ {[%emt 0:01:28]} Qxb5 {[%emt 0:00:02]} 30. cxb4 {[%emt 0:00:02]} Rb7 {[%emt 0:00:32]} 31. Bc3 {[%emt 0:00:53]} Rc7 {[%emt 0:00:17]} 32. Ra1 {[%emt 0:00:21]} Qc4 {[%emt 0:00:09]} 33. Rc1 {[%emt 0:00:54]} Qb5 {[%emt 0:00:10]} 34. Ra1 {[%emt 0:00:25]} Qc4 {[%emt 0:00:09]} 35. Bd2 {[%emt 0:00:04]} Qc2 {[%emt 0:00:25]} 36. Qxc2 {[%emt 0:00:18]} Rxc2 {[%emt 0:00:03]} 37. Ra7+ {[%emt 0:00:06]} Kd8 {[%emt 0:00:04]} 38. Be3 {[%emt 0:00:17]} Rb2 {[%emt 0:00:09]} 39. Ra8+ {[%emt 0:00:04]} Kd7 {[%emt 0:00:03]} 40. Ra7+ {[%emt 0:00:13]} Ke8 {[%emt 0:00:06]} 41. Ra8+ {[%emt 0:00:03]} Kd7 {[%emt 0:00:03]} 42. Rh8 {[%emt 0:00:07]} h5 {[%emt 0:00:07]} 43. Rh7 {[%emt 0:00:08]} Ke8 {[%emt 0:00:03]} 44. Rh8+ {[%emt 0:00:09]} Kd7 {[%emt 0:00:02]} 45. Ra8 {[%emt 0:00:32]} Rxb4 {[%emt 0:00:08]} 46. Ra7+ {[%emt 0:00:02]} Kd8 {[%emt 0:00:04]} 47. Ra8+ {[%emt 0:00:05]} Kd7 {[%emt 0:00:03]} 48. Ra7+ {[%emt 0:00:02]} Kd8 {[%emt 0:00:02]} 49. Ra8+ {[%emt 0:00:48]} Kd7 {[%emt 0:00:04]} 1/2-1/2